| 000 | 00450nam a2200157Ia 4500 | ||
|---|---|---|---|
| 999 |
_c21972 _d21972 |
||
| 003 | OSt | ||
| 005 | 20200519094714.0 | ||
| 008 | 190216s9999||||xx |||||||||||||| ||und|| | ||
| 040 | _coclc | ||
| 082 |
_a297 _bGHA/M |
||
| 100 |
_aAl - Ghazali _92196 |
||
| 245 | 0 |
_aManushyante Yadharthyam / _cAl - Ghazali |
|
| 260 |
_bBayaniyya Book Stall, _c1984. _aParappanangadi: |
||
| 300 | _a214p | ||
| 942 |
_cBK _2ddc _h297 _iGHA/M _k297 _mGHA/M |
||